[Event "IECC P-4275"]
[Site "IECC email"]
[Date "2007.01.12"]
[Round "?"]
[White "Ringbom, Pasi"]
[Black "Tosney, Paul"]
[Result "1-0"]
[WhiteElo "1279"]
[BlackElo "1537"]
[PlyCount "37"]
[EventDate "2007.??.??"]
[EventType "tourn (corr)"]
[EventRounds "1"]
[SourceTitle "Corr 2008"]
[Source "ChessBase"]
[SourceDate "2008.06.24"]
[SourceVersion "1"]
[SourceVersionDate "2008.06.24"]
[SourceQuality "1"]
[WhiteTeam "Finland"]
[BlackTeam "Canada"]
[WhiteTeamCountry "FIN"]
[BlackTeamCountry "CAN"]

1. e4 d6 2. d4 Nf6 3. Nc3 g6 4. f4 Bg7 5. Nf3 0-0 6. Bd3 Nc6 7. 0-0 Bg4 8. Be3 e5 9. fxe5 dxe5 10. d5 Nd4 11. Be2 Nd7 12. Nxd4 Bxe2 13. Ndxe2 Qe7 14. Qd2 a6 15. Ng3 Rad8 16. Nce2 Qd6 17. c4 b6 18. Nc3 a5 19. Nb5 1-0

[Event "P-4204"]
[Site "IECC email"]
[Date "2006.08.08"]
[Round "?"]
[White "Fuller, Christopher"]
[Black "Ringbom, Pasi"]
[Result "0-1"]
[WhiteElo "956"]
[BlackElo "1281"]
[PlyCount "56"]
[EventDate "2006.??.??"]
[EventType "tourn (corr)"]
[SourceTitle "Corr 2020"]
[Source "ChessBase"]
[SourceDate "2019.09.30"]
[SourceVersion "1"]
[SourceVersionDate "2019.09.30"]
[SourceQuality "1"]
[WhiteTeam "England"]
[BlackTeam "Finland"]
[WhiteTeamCountry "ENG"]
[BlackTeamCountry "FIN"]

1. e4 e6 2. d4 d5 3. exd5 exd5 4. Bd3 Bd6 5. Nf3 Ne7 6. 0-0 Bg4 7. c4 dxc4 8. Bxc4 0-0 9. Bb5 c6 10. Ba4 Nd7 11. Nc3 Qc7 12. Ne4 Bxh2+ 13. Nxh2 Bxd1 14. Bxd1 Rfe8 15. Re1 Nd5 16. b3 N7f6 17. Nxf6+ Nxf6 18. Ba3 Rxe1+ 19. Nf1 Rae8 20. Rc1 Nd5 21. g3 Qa5 22. Bb2 Qd2 23. Ra1 Rxd1 24. Rxd1 Qxd1 25. Ba3 Re1 26. Kh2 Qf3 27. Bd6 Rxf1 28. Kh3 Rh1# 0-1

[Event "IECC KO-2063"]
[Site "IECC email"]
[Date "2004.10.23"]
[Round "?"]
[White "Ringbom, Pasi"]
[Black "Blackman, Leon"]
[Result "0-1"]
[WhiteElo "1283"]
[BlackElo "1655"]
[PlyCount "58"]
[EventDate "2004.??.??"]
[EventType "match (corr)"]
[EventRounds "2"]
[SourceTitle "Corr 2020"]
[Source "ChessBase"]
[SourceDate "2019.09.30"]
[SourceVersion "1"]
[SourceVersionDate "2019.09.30"]
[SourceQuality "1"]
[WhiteTeam "Finland"]
[BlackTeam "Australia"]
[WhiteTeamCountry "FIN"]
[BlackTeamCountry "AUS"]

1. e4 c5 2. Nf3 d6 3. d4 cxd4 4. Nxd4 Nf6 5. Nc3 a6 6. Be3 e5 7. Nb3 Be7 8. f3 Be6 9. Qd2 h5 10. Be2 Nbd7 11. Nd5 Nxd5 12. exd5 Bf5 13. 0-0 0-0 14. Na5 Qc7 15. c4 Bf6 16. Rac1 Rfe8 17. b3 h4 18. h3 e4 19. fxe4 Bxe4 20. Bf3 Bxf3 21. Rxf3 Ne5 22. Rff1 b6 23. Nc6 Nxc6 24. dxc6 Qxc6 25. Bh6 Re6 26. Rce1 Rxe1 27. Qxe1 Bd4+ 28. Be3 Re8 29. Rf3 Qxf3 0-1

[Event "IECG CE.2004.0.00073 email"]
[Site "IECG email"]
[Date "2004.05.29"]
[Round "?"]
[White "Lawton, Carl"]
[Black "Ringbom, Pasi"]
[Result "1-0"]
[WhiteElo "1200"]
[BlackElo "1217"]
[PlyCount "35"]
[EventDate "2004.05.29"]
[EventType "tourn (corr)"]
[EventRounds "6"]
[SourceTitle "Corr 2008"]
[Source "ChessBase"]
[SourceDate "2008.06.24"]
[SourceVersion "1"]
[SourceVersionDate "2008.06.24"]
[SourceQuality "1"]

1. e4 e6 2. d4 d5 3. Nd2 dxe4 4. Nxe4 Nd7 5. Nf3 Ngf6 6. Nxf6+ Nxf6 7. Bg5 Be7 8. Bc4 0-0 9. 0-0 b6 10. Qe2 Bb7 11. Rad1 Nd5 12. Bd2 c5 13. Rfe1 Qc7 14. Ng5 Nf4 15. Bxf4 Qxf4 16. Nh3 Qf6 17. d5 exd5 18. Qxe7 1-0

[Event "IECG CE.2004.0.00070 email"]
[Site "IECG email"]
[Date "2004.04.23"]
[Round "?"]
[White "Agustoni, Alessandro"]
[Black "Ringbom, Pasi"]
[Result "1-0"]
[WhiteElo "1200"]
[BlackElo "1217"]
[PlyCount "35"]
[EventDate "2004.04.23"]
[EventType "tourn (corr)"]
[EventRounds "6"]
[SourceTitle "Corr 2008"]
[Source "ChessBase"]
[SourceDate "2008.06.24"]
[SourceVersion "1"]
[SourceVersionDate "2008.06.24"]
[SourceQuality "1"]

1. e4 e6 2. d4 d5 3. e5 c5 4. Nf3 Nc6 5. Bb5 Bd7 6. Be3 Qb6 7. Nc3 a6 8. Bxc6 Bxc6 9. Rb1 cxd4 10. Nxd4 Bc5 11. 0-0 Ne7 12. b4 Bxd4 13. Bxd4 Qc7 14. Qg4 0-0 15. Bc5 Qxe5 16. Bxe7 Rfe8 17. Bc5 Qxc3 18. Bd4 1-0

[Event "IECG CE.2004.0.00070 email"]
[Site "IECG email"]
[Date "2004.04.23"]
[Round "?"]
[White "Ringbom, Pasi"]
[Black "Michos, Dionyssios"]
[Result "0-1"]
[WhiteElo "1217"]
[BlackElo "1210"]
[PlyCount "64"]
[EventDate "2004.04.23"]
[EventType "tourn (corr)"]
[EventRounds "6"]
[SourceTitle "Corr 2008"]
[Source "ChessBase"]
[SourceDate "2008.06.24"]
[SourceVersion "1"]
[SourceVersionDate "2008.06.24"]
[SourceQuality "1"]

1. e4 c5 2. Nf3 d6 3. d4 cxd4 4. Nxd4 Nf6 5. Nc3 a6 6. Be3 e5 7. Nb3 Be6 8. f3 Nbd7 9. g4 Be7 10. Qd2 0-0 11. 0-0-0 Rc8 12. h4 Bxb3 13. axb3 Nc5 14. Bxc5 Rxc5 15. b4 Rc6 16. g5 Ne8 17. Nd5 Nc7 18. Nxe7+ Qxe7 19. f4 Ne6 20. fxe5 dxe5 21. c3 Qxb4 22. Kb1 Qxe4+ 23. Bd3 Qa4 24. Bc2 Qa5 25. Be4 Rb6 26. Bf5 Nf4 27. Qc2 g6 28. Be4 Rc8 29. Kc1 Qa1+ 30. Kd2 Qxb2 31. Rb1 Rd6+ 32. Ke3 Rxc3+ 0-1

[Event "IECC CL6-2003.28 email"]
[Site "IECC email"]
[Date "2003.12.03"]
[Round "?"]
[White "Grushovsky, Yuri"]
[Black "Ringbom, Pasi"]
[Result "1-0"]
[WhiteElo "1201"]
[BlackElo "1306"]
[PlyCount "31"]
[EventDate "2003.??.??"]
[EventType "tourn (corr)"]
[EventRounds "4"]
[SourceTitle "Corr 2008"]
[Source "ChessBase"]
[SourceDate "2008.06.24"]
[SourceVersion "1"]
[SourceVersionDate "2008.06.24"]
[SourceQuality "1"]

1. d4 e6 2. c4 b6 3. Nc3 Bb7 4. e4 Bb4 5. Bd3 f5 6. f3 fxe4 7. fxe4 Nc6 8. Nf3 Bxc3+ 9. bxc3 d5 10. cxd5 exd5 11. e5 Qd7 12. 0-0 Nge7 13. Ng5 g6 14. Nf7 Rg8 15. Qf3 Bc8 16. Nh6 1-0

[Event "IECG QE.2003.0.00057"]
[Site "IECG email"]
[Date "2003.11.22"]
[Round "?"]
[White "Ringbom, Pasi"]
[Black "Towkan, Carlos"]
[Result "1-0"]
[WhiteElo "1252"]
[BlackElo "1299"]
[PlyCount "27"]
[EventDate "2003.11.22"]
[EventType "tourn (corr)"]
[EventRounds "6"]
[SourceTitle "Corr 2024"]
[Source "ChessBase"]
[SourceDate "2023.10.19"]
[SourceVersion "1"]
[SourceVersionDate "2023.10.19"]
[SourceQuality "1"]

1. c4 e5 2. g3 Nf6 3. Bg2 d5 4. cxd5 Nxd5 5. Nf3 Nc6 6. 0-0 Be7 7. d4 exd4 8. Nxd4 Nxd4 9. Qxd4 Nf6 10. Qxd8+ Bxd8 11. Nc3 0-0 12. Bf4 c6 13. Rad1 Bf5 14. Be3 1-0

[Event "IECC P email"]
[Site "IECC email"]
[Date "2003.04.02"]
[Round "?"]
[White "Stroman, Patrick"]
[Black "Ringbom, Pasi"]
[Result "1/2-1/2"]
[WhiteElo "1225"]
[BlackElo "1382"]
[PlyCount "117"]
[EventDate "2003.??.??"]
[EventType "tourn (corr)"]
[EventRounds "6"]
[SourceTitle "Corr 2008"]
[Source "ChessBase"]
[SourceDate "2008.06.24"]
[SourceVersion "1"]
[SourceVersionDate "2008.06.24"]
[SourceQuality "1"]

1. d4 Nf6 2. Nf3 e6 3. c4 Bb4+ 4. Bd2 Qe7 5. Qa4 Bxd2+ 6. Nbxd2 0-0 7. e4 c5 8. Qa3 d6 9. e5 Nfd7 10. Bd3 Nc6 11. Ne4 dxe5 12. dxc5 b6 13. b4 bxc5 14. bxc5 a5 15. 0-0 f5 16. Qa4 Nb4 17. c6 Nc5 18. Nxc5 Qxc5 19. Be2 Nxc6 20. Rad1 Nd4 21. Nxd4 exd4 22. Bf3 Rb8 23. Rfe1 Rb4 24. Qa3 Qxc4 25. Qxa5 Ra4 26. Qe5 d3 27. Qd6 Ra6 28. Qxd3 Qxd3 29. Rxd3 Rxa2 30. h3 g6 31. Rc3 Ra6 32. Rc7 Rd6 33. Rec1 Bd7 34. Bd1 g5 35. Bb3 Kf7 36. Rd1 Ke7 37. Ba4 Rxd1+ 38. Bxd1 Rc8 39. Rc2 Rxc2 40. Bxc2 h5 41. f3 g4 42. hxg4 hxg4 43. fxg4 fxg4 44. Kf2 e5 45. Be4 Kf6 46. Ke3 Kg5 47. Bd5 Bf5 48. g3 Kf6 49. Bc6 Ke6 50. Bb7 Kd6 51. Bg2 Kc5 52. Be4 Bxe4 53. Kxe4 Kd6 54. Ke3 Kd5 55. Kd3 e4+ 56. Ke3 Ke5 57. Kd2 Kd4 58. Ke2 e3 59. Ke1 1/2-1/2

[Event "IECC TH-M email"]
[Site "IECC email"]
[Date "2003.01.13"]
[Round "?"]
[White "Johnson, Bernard S"]
[Black "Ringbom, Pasi"]
[Result "1-0"]
[WhiteElo "1463"]
[BlackElo "1411"]
[PlyCount "58"]
[EventDate "2003.??.??"]
[EventType "match (corr)"]
[EventRounds "2"]
[SourceTitle "Corr 2008"]
[Source "ChessBase"]
[SourceDate "2008.06.24"]
[SourceVersion "1"]
[SourceVersionDate "2008.06.24"]
[SourceQuality "1"]

1. e4 e6 2. d4 d5 3. Nc3 Nf6 4. Bg5 Be7 5. e5 Nfd7 6. Bxe7 Qxe7 7. Nb5 Nb6 8. c3 a6 9. Na3 c5 10. Nf3 cxd4 11. Qxd4 N8d7 12. Bd3 f6 13. exf6 Qxf6 14. 0-0 Qxd4 15. cxd4 0-0 16. Rfe1 Nf6 17. Rac1 h6 18. Ne5 Nh5 19. Rc7 Nf4 20. Bc2 Nc4 21. Naxc4 dxc4 22. Be4 Nd5 23. Bxd5 exd5 24. Ng6 Rf7 25. Re8+ Kh7 26. Nf8+ Kg8 27. Ne6+ Kh7 28. Rxf7 Kg6 29. Rff8 b5 1-0

[Event "IECG TE.2002.P.01118 email"]
[Site "IECG email"]
[Date "2002.12.30"]
[Round "?"]
[White "Bidgood, Lee"]
[Black "Ringbom, Pasi"]
[Result "1-0"]
[WhiteElo "1459"]
[BlackElo "1469"]
[PlyCount "53"]
[EventDate "2002.12.30"]
[EventType "tourn (corr)"]
[EventRounds "8"]
[SourceTitle "Corr 2008"]
[Source "ChessBase"]
[SourceDate "2008.06.24"]
[SourceVersion "1"]
[SourceVersionDate "2008.06.24"]
[SourceQuality "1"]

1. d4 Nf6 2. c4 c5 3. d5 e6 4. Nf3 exd5 5. cxd5 d6 6. Nc3 g6 7. e4 Bg7 8. Be2 0-0 9. 0-0 Na6 10. Bf4 Nc7 11. Nd2 Re8 12. Re1 Nh5 13. Bxh5 gxh5 14. Nc4 Bf8 15. Qf3 Bg4 16. Qg3 b5 17. Nxd6 Bxd6 18. Bxd6 Qd7 19. Bxc7 b4 20. Nd1 Rac8 21. Be5 a5 22. Ne3 f6 23. Bxf6 Rf8 24. e5 c4 25. b3 cxb3 26. axb3 Rc3 27. e6 1-0

[Event "IECG TE.2002.P.01118 email"]
[Site "IECG email"]
[Date "2002.12.30"]
[Round "?"]
[White "Ringbom, Pasi"]
[Black "Bidgood, Lee"]
[Result "0-1"]
[WhiteElo "1469"]
[BlackElo "1459"]
[PlyCount "69"]
[EventDate "2002.12.30"]
[EventType "tourn (corr)"]
[EventRounds "8"]
[SourceTitle "Corr 2008"]
[Source "ChessBase"]
[SourceDate "2008.06.24"]
[SourceVersion "1"]
[SourceVersionDate "2008.06.24"]
[SourceQuality "1"]

1. d4 Nf6 2. c4 c5 3. d5 e6 4. Nc3 exd5 5. cxd5 d6 6. e4 g6 7. Nf3 Bg7 8. Be2 0-0 9. 0-0 Re8 10. Nd2 Nbd7 11. a4 Ne5 12. h3 b6 13. f4 Ned7 14. Bb5 Bb7 15. Nc4 Qc7 16. Bxd7 Qxd7 17. Nb5 Nxe4 18. Re1 f5 19. Rxe4 Rxe4 20. Ncxd6 Rd4 21. Bd2 a6 22. Nxd4 cxd4 23. Nxb7 Qxb7 24. Qb3 Re8 25. d6+ Kh8 26. Ba5 Rb8 27. Bd2 Qc6 28. Re1 Qxd6 29. Re6 Qc7 30. Qb4 d3 31. Re7 Qc5+ 32. Qxc5 bxc5 33. b4 cxb4 34. Bxb4 Bd4+ 35. Kh1 0-1

[Event "IECG CD.2002.0.00042 email"]
[Site "IECG email"]
[Date "2002.10.22"]
[Round "?"]
[White "Klawitter, Bernd"]
[Black "Ringbom, Pasi"]
[Result "1-0"]
[WhiteElo "1434"]
[BlackElo "1469"]
[PlyCount "77"]
[EventDate "2002.10.22"]
[EventType "tourn (corr)"]
[EventRounds "6"]
[SourceTitle "Corr 2008"]
[Source "ChessBase"]
[SourceDate "2008.06.24"]
[SourceVersion "1"]
[SourceVersionDate "2008.06.24"]
[SourceQuality "1"]

1. d4 Nf6 2. c4 g6 3. Nc3 d5 4. Nf3 Bg7 5. Qb3 dxc4 6. Qxc4 0-0 7. e4 Nc6 8. Be2 Nd7 9. Be3 Na5 10. Qd3 Nb6 11. 0-0 Nac4 12. b3 Nxe3 13. fxe3 Bg4 14. Rac1 c5 15. d5 Rc8 16. Nb5 a6 17. Na3 Bb2 18. Nc4 Bxc1 19. Rxc1 Nxc4 20. bxc4 Rb8 21. h3 b5 22. hxg4 bxc4 23. Qc3 Qb6 24. Bxc4 Qb4 25. Qd3 Qb2 26. Rf1 Rb6 27. e5 e6 28. d6 Rd8 29. Rf2 Qb1+ 30. Qxb1 Rxb1+ 31. Kh2 Rc1 32. Bxa6 Rc3 33. Ng5 Ra3 34. Bc4 Rb8 35. Nxf7 Kf8 36. Nd8+ Ke8 37. Nxe6 Rb7 38. Nc7+ Kd8 39. Be6 1-0